000 00656nam a2200253Ia 4500
003 OSt
005 20220925202530.0
006 a|||||r|||| 00| 0
007 ta
008 220923b |||||||| |||| 00| 0 eng d
020 _a8175410221
037 _cGeneral Book
040 _aRTL
_cRTL
_beng
041 _2eng
_aeng
082 _aX:8C, N8
100 _aKhanka S S
_9263790
245 0 _aFinancial accounting
260 _aDelhi
_bShipra Publication
_c1998
300 _a622p
_ccm.
650 _a Economics
650 _aFinance and Accounts
_9241072
942 _hX:8C, N8
_cGB
_2CC
999 _c543303
_d543303